The Indus Civilization (Record no. 14389)

MARC details
000 -LEADER
fixed length control field 00574nam a2200241 a 4500
020 ## - INTERNATIONAL STANDARD BOOK NUMBER
ISBN 818522966X
082 00 - DEWEY DECIMAL CLASSIFICATION NUMBER
Classification number 909.0491411
Author Cutter HAB
100 ## - MAIN ENTRY--AUTHOR NAME
Author name Habib, Irfan
245 ## - TITLE STATEMENT
Title The Indus Civilization
260 ## - PUBLICATION, DISTRIBUTION, ETC. (IMPRINT)
Place of publication Delhi
Name of publisher Tulika
Year of publication 2002
300 ## - PHYSICAL DESCRIPTION
Number of Pages 111p
500 ## - GENERAL NOTE
General note includes index and biblioraphy
505 2# - FORMATTED CONTENTS NOTE
Formatted contents note Index
650 ## - SUBJECT ADDED ENTRY--TOPICAL TERM
Topical Term Indus Civilization
942 ## - ADDED ENTRY ELEMENTS (KOHA)
Koha item type Books
700 1# -
-- Habib, Irfan
Holdings
Collection code Home library Current library Date acquired Cost, normal purchase price Full call number Accession Number Koha item type
  Henry Martyn Institute Library Henry Martyn Institute Library 04/16/2007 225.00 909.0491411 HAB 021793 Books
                   Copyright © 2026 | Henry Martyn Institute | Hyderabad | TS-500052 | INDIA | Implemented by hmi.edu.in
Hit-Count:

Powered by Koha